000 00519nmm a2200169Ia 4500
008 251105s9999||||xx |||||||||||||||||und||
020 _a9788494772610
041 _aspa
100 _aValdivieso Ramos, Daniel
245 0 _aLa Córdoba de Ibn Hazm
264 _a[Madrid, España] :
_bUtopía Libros,
_c[Fecha de publicación no identificada]
300 _a0 páginas
490 _aEnsayo histórico
650 _aHistory of Europe: Spain
856 _uhttps://public.digitaliapublishing.com/a/100637
942 _cCF
999 _c89485
_d89485